Normal view
MARC view
Entry Topical Term
001 - CONTROL NUMBER
- control field: 29717
003 - CONTROL NUMBER IDENTIFIER
- control field: OSt
005 - DATE AND TIME OF LATEST TRANSACTION
- control field: 20250117094034.0
008 - FIXED-LENGTH DATA ELEMENTS
- fixed length control field: 250117|| aca||aabn | a|a d
040 ## - CATALOGING SOURCE
- Original cataloging agency: OSt
- Transcribing agency: OSt
150 ## - HEADING--TOPICAL TERM
- Topical term or geographic name entry element: English literature
- Form subdivision: 19th century
- Form subdivision: Children of prisoners
- Form subdivision: Debt
- Form subdivision: Drama
- Form subdivision: Fiction
- Form subdivision: Imprisonment
- Form subdivision: London
670 ## - SOURCE DATA FOUND
- Source citation: Work cat.: (OSt): Dickens, Charles. 29716, Little Dorrit / , 2008.